| 000 | 01356nam a2200433 a 4500 | ||
|---|---|---|---|
| 003 | AR-BaBNM | ||
| 005 | 20251128210221.0 | ||
| 008 | 082120s2002 ||||||||||||||000 | spa|| | ||
| 020 | _a84-369-0851-1 | ||
| 040 | _cAR-BaBNM | ||
| 245 | 0 | 0 |
_aLa enseñanza por el entorno ambiental _bproyecto experimental área ciencias de la naturaleza |
| 260 |
_aMadrid _bEspaña. Ministerio de Educación y Ciencia. Departamento de perfeccionamiento del profesoredo _c1981 |
||
| 300 |
_a363 p. _btablas, gráfs., il., diagr. |
||
| 500 | _aApéndice: p. 359-361 | ||
| 504 | _aContiene bibliografía p. 345-358 | ||
| 650 | 4 | _aREFORMA DE LA EDUCACION | |
| 650 | 4 | _aEDUCACION AMBIENTAL | |
| 650 | 4 | _aCIENCIAS NATURALES | |
| 650 | 4 | _aTECNICAS DIDACTICAS | |
| 650 | 4 | _aZONAS INDUSTRIALES | |
| 650 | 4 | _aZONAS URBANAS | |
| 650 | 4 | _aMONTAÑAS | |
| 650 | 4 | _aBOSQUES | |
| 650 | 4 | _aAGRICULTURA | |
| 650 | 4 | _aGANADERIA | |
| 650 | 4 | _aMINERIA | |
| 650 | 4 | _aCOSTAS | |
| 651 | 4 | _aEspaña | |
| 653 | 0 | _aTEMAS TRANSVERSALES | |
| 653 | _aINTEGRACION DE CONTENIDOS | ||
| 700 | 1 | _aFernández Castañón, María Luisa | |
| 700 | 1 | _aAlvarez López, José Luis | |
| 700 | 1 | _aCasalderrey García, Manuel Luis | |
| 700 | 1 | _aEspaña Talón, Juan Angel | |
| 700 | 1 | _aLillo Beviá, J. | |
| 700 | 1 | _aViel Ramírez, Trinidad | |
| 942 | _cBK | ||
| 998 | _cRaquel | ||
| 999 |
_c14548 _d14548 |
||